000 00283nam a2200109Ia 4500
008 220204s9999 xx 000 0 und d
082 _a645.5
_bMAR
245 0 _aRoom decoration: 25 new schemes
260 _aLondon
_bMarshall Cavendish
_c1972
650 _aRood decoration
942 _cBK
999 _c29482
_d29482